000 00260nam a2200109Ia 4500
008 220120s9999||||xx |||||||||||||| ||und||
082 _a005.1 PON
100 _aPontamekar
_911432
245 0 _aData structures with C
260 _bNew Delhi
300 _a612p.
_b0
999 _c136360
_d136360